000 00576nam a2200205 a 4500
005 20230923063601.0
008 030821s2000 mx r 000 0 spa d
020 _a8436814479
035 _aUPN01000128100
049 _aCG
050 4 _aBF713
_bF4.3
100 1 _aFernández Lópiz, Enrique
245 1 0 _aExplicaciones sobre el desarrollo humano /
_cEnrique Fernández Lópiz.
260 _aMadrid :
_bPirámide,
_c2000.
300 _a291 p.
440 0 _aPsicología
650 4 _aPsicología evolutiva
_98053
650 2 _aDesarrollo humano
_913482
905 _aLibro
999 _c100279
_d100279